000 00717nam a2200265 a 4500
003 MX-MxUPN
005 20241127063735.0
008 150511t2010 mx a r 000 0 spa d
020 _a9788425517204
035 _aUPN01000203348
040 _aMX-MxUPN
_bspa
_cMX-MxUPN
041 1 _aspa
_hger
050 1 4 _aTX361
_bD4 2010
100 1 _aDespeghel, Michael
_938221
100 1 _aHeufelder, Armin
_946234
245 1 1 _a¡Fuera barriga!
250 _aCuarta edición.
260 _aBarcelona :
_bHispano Europea,
_c2010.
300 _a143 páginas :
_bilustraciones.
650 7 _aDieta
_2
_92192
650 7 _aHábitos alimenticios
_2
_91358
942 _2lcc
_cLIBRO
999 _c175449
_d175449